Busiest Indian Airports quiz - Hard Version - Statistics

General Stats
  • This quiz has been taken 50 times
  • The average score is 27 of 50
Answer Stats
# City % Correct
6.73 cr Delhi
100%
4.58 cr Mumbai
100%
2.20 cr Kolkata
98%
2.22 cr Chennai
95%
2.16 cr Hyderabad
90%
0.80 cr Pune
88%
1.14 cr Ahmedabad
85%
0.50 cr Jaipur
78%
0.96 cr Kochi
75%
0.54 cr Lucknow
75%
0.31 cr Nagpur
75%
0.15 cr Surat
75%
0.13 cr Bhopal
70%
0.45 cr Patna
70%
0.39 cr Thiruvananthapuram
70%
0.29 cr Indore
68%
0.30 cr Varanasi
60%
0.27 cr Visakhapatnam
60%
0.24 cr Chandigarh
55%
0.55 cr Guwahati
55%
0.32 cr Kozhikode
55%
0.19 cr Mangalore
55%
0.25 cr Ranchi
55%
0.24 cr Amritsar
53%
0.36 cr Bhubaneswar
53%
0.28 cr Coimbatore
53%
0.14 cr Madurai
53%
0.83 cr Goa
50%
0.05 cr Jodhpur
50%
0.21 cr Raipur
50%
0.11 cr Vadodara
48%
0.28 cr Srinagar
45%
0.12 cr Udaipur
45%
0.11 cr Vijayawada
45%
0.16 cr Tiruchirappalli
40%
0.13 cr Dehradun
38%
0.13 cr Imphal
38%
0.14 cr Jammu
38%
0.16 cr Port Blair
38%
0.32 cr Siliguri
35%
0.08 cr Tirupati
35%
3.23 cr Bangaluru
33%
0.15 cr Agartala
28%
0.15 cr Kannur
25%
0.04 cr Prayagraj
25%
0.07 cr Leh
23%
0.06 cr Gorakhpur
20%
0.05 cr Hubli
18%
0.05 cr Dibrugarh
15%
0.05 cr Shirdi
8%
No matching quizzes found
Score Distribution
Percent of People with Each Score
Percentile by Number Answered
Your Score History
You have not taken this quiz